On the filler flocculation in silica-filled rubbers.Part.1. Quantifying and tracking the filler flocculation and polymer-filler interactions in the unvulcanized rubber compounds (Record no. 64365)

MARC details
000 -LEADER
fixed length control field 00663nam a2200193Ia 4500
100 ## - MAIN ENTRY--AUTHOR NAME
Personal name Lin C J
245 #0 - TITLE STATEMENT
Title On the filler flocculation in silica-filled rubbers.Part.1. Quantifying and tracking the filler flocculation and polymer-filler interactions in the unvulcanized rubber compounds
260 ## - PUBLICATION, DISTRIBUTION, ETC. (IMPRINT)
Name of publisher Rubber Chemistry and Technology
Year of publication 2002
300 ## - PHYSICAL DESCRIPTION
Number of Pages 865-890
650 ## - SUBJECT ADDED ENTRY--TOPICAL TERM
Topical Term Filler flocculation
650 ## - SUBJECT ADDED ENTRY--TOPICAL TERM
Topical Term Filler flocculation
650 ## - SUBJECT ADDED ENTRY--TOPICAL TERM
Topical Term Polymer-filler interaction
650 ## - SUBJECT ADDED ENTRY--TOPICAL TERM
Topical Term Silica-filled rubber
700 ## - ADDED ENTRY--PERSONAL NAME
Personal name Alexanian E
700 ## - ADDED ENTRY--PERSONAL NAME
Personal name Bohm G G A
700 ## - ADDED ENTRY--PERSONAL NAME
Personal name Hergenrother W L
942 ## - ADDED ENTRY ELEMENTS (KOHA)
Koha item type Journals
Holdings
Withdrawn status Lost status Damaged status Not for loan Home library Current library Shelving location Date acquired Serial Enumeration / chronology Koha item type
      Journals RRII Library RRII Library Rubber chemistry 20/03/2003 Volume 75, Issue 5 Journals